000 02428cam a2200301 4500500
005 20251228082310.0
041 _afre
042 _adc
100 1 0 _aSirost, Olivier
_eauthor
245 0 0 _aLes débuts du camping en France : du vieux campeur au village de toile
260 _c2001.
500 _a25
520 _aRésuméLes débuts du camping en France vont de pair avec une mutation de la société urbaine et industrielle qui éveille une sensibilité à la nature. Le Camping club français, puis le Camping club de France marquent le développement d’un mode particulier de rapport à la nature touchant autant les pédagogues, les touristes, que les sportifs et les aventuriers. C’est cette histoire que nous tentons de resituer, qui laisse en héritage deux modèles : celui du « vieux campeur » et celui du village de toile, forme multiple d’agrégation sociale.
520 _aThe beginning of camping in France is associated with a mutation of the urban and industrial society that arose a sensitivity to nature. The Camping club français and the Camping club de France mark the development of a peculiar relationship with nature among teachers, tourists as well as sportsmen and adventurers. It is from this history that we trace here that are derived the models of the old camper and of the tent village, a multiple form of social aggregation.
520 _aZusammenfassungDer Anfang von Camping in Frankreich ist mit einer Änderung der städtischen und industriellen Gesellschaft verbunden, die eine Sensibilisierung für die Natur erweckt hat. Der Camping club français und der Camping club de France markieren die Entwicklung eines besonderen Verhältnisses zur Natur, die Lehrer, Touristen sowie Sportler und Abenteurer betrifft. Von dieser hier rekonstruierten Gechichte wurden zwei Modelle geerbt : das des alten Campers und das der Zeltstadt, einer vielfältigen Form sozialer Ansammlung.
690 _acamping club
690 _aretour à la nature
690 _atechnique
690 _avieux campeur
690 _avillage de toile
690 _acamping club
690 _aold camper
690 _areturn to nature
690 _atechnique
690 _atent village
786 0 _nEthnologie française | 31 | 4 | 2001-12-01 | p. 607-620 | 0046-2616
856 4 1 _uhttps://shs.cairn.info/revue-ethnologie-francaise-2001-4-page-607?lang=fr&redirect-ssocas=7080
999 _c1599262
_d1599262